[Event "48th Italian Teams 2016"]
[Site "Civitanova Marche ITA"]
[Date "2016.04.30"]
[Round "6.3"]
[Board "2"]
[White "Collutiis, Duilio"]
[Black "Djuric, Stefan"]
[Result "1/2-1/2"]
[WhiteTitle "IM"]
[BlackTitle "GM"]
[WhiteElo "2466"]
[BlackElo "2391"]
[WhiteTeam "Partenopea Westend Napoli"]
[BlackTeam "Fano1988"]
[WhiteFideId "805475"]
[BlackFideId "900133"]
[EventDate "2016.04.27"]

1. e4 e6 2. d4 d5 3. Nd2 Be7 4. c3 dxe4 5. Nxe4 Nd7 6. Nf3 Ngf6 7. Nxf6+ Nxf6 8.
Be3 O-O 9. Bd3 b6 10. O-O Bb7 11. Qe2 c5 12. Rad1 Qc7 13. Ne5 Nd5 14. Bb1 Nxe3
15. fxe3 Bd6 16. Nf3 g6 17. Qf2 1/2-1/2

[Event "48th Italian Teams 2016"]
[Site "Civitanova Marche ITA"]
[Date "2016.04.30"]
[Round "6.3"]
[Board "3"]
[White "Sebastianelli, Diego"]
[Black "Piscopo, Pierluigi"]
[Result "1/2-1/2"]
[WhiteTitle "FM"]
[BlackTitle "IM"]
[WhiteElo "2348"]
[BlackElo "2431"]
[WhiteTeam "Fano1988"]
[BlackTeam "Partenopea Westend Napoli"]
[WhiteFideId "802735"]
[BlackFideId "809152"]
[EventDate "2016.04.27"]

1. d4 Nf6 2. Nc3 d5 3. Bg5 Nbd7 4. f3 c6 5. e4 dxe4 6. fxe4 e5 7. Nf3 Qa5 8. Bc4
Be7 9. Qd2 exd4 10. Qxd4 Qc5 11. O-O-O Qxd4 12. Rxd4 Ng4 13. Bf4 1/2-1/2

[Event "48th Italian Teams 2016"]
[Site "Civitanova Marche ITA"]
[Date "2016.04.30"]
[Round "6.4"]
[Board "1"]
[White "Horvath, Csaba"]
[Black "Bosiocic, Marin"]
[Result "1/2-1/2"]
[WhiteTitle "GM"]
[BlackTitle "GM"]
[WhiteElo "2519"]
[BlackElo "2564"]
[WhiteTeam "Arrocco Chess Club Montesilvano"]
[BlackTeam "SST 1904"]
[WhiteFideId "700118"]
[BlackFideId "14507927"]
[EventDate "2016.04.27"]

1. d4 Nf6 2. Nf3 g6 3. c4 Bg7 4. g3 O-O 5. Bg2 d6 6. Nc3 Nbd7 7. O-O e5 8. Qc2
Re8 9. Rd1 exd4 10. Nxd4 Nc5 11. b4 Ne6 12. Nb3 Ng4 13. Bb2 Nf4 14. gxf4 Qh4 15.
e4 Qxh2+ 16. Kf1 Be6 17. Nd5 Bxb2 18. Qxb2 c6 19. f5 gxf5 1/2-1/2

[Event "48th Italian Teams 2016"]
[Site "Civitanova Marche ITA"]
[Date "2016.04.30"]
[Round "6.4"]
[Board "2"]
[White "Lostuzzi, Manlio"]
[Black "Altini, Nicola"]
[Result "1/2-1/2"]
[WhiteTitle "FM"]
[BlackTitle "IM"]
[WhiteElo "2422"]
[BlackElo "2413"]
[WhiteTeam "SST 1904"]
[BlackTeam "Arrocco Chess Club Montesilvano"]
[WhiteFideId "802441"]
[BlackFideId "833924"]
[EventDate "2016.04.27"]

1. e4 c5 2. Nf3 Nc6 3. d4 cxd4 4. Nxd4 g6 5. c4 Bg7 6. Be3 Nf6 7. Nc3 d6 8. f3
O-O 9. Qd2 Nxd4 10. Bxd4 a5 11. Be2 Bd7 12. O-O Bc6 13. Rad1 Nd7 14. Be3 1/2-1/2

[Event "48th Italian Teams 2016"]
[Site "Civitanova Marche ITA"]
[Date "2016.04.30"]
[Round "6.4"]
[Board "3"]
[White "Pescatore, Lorenzo"]
[Black "Barp, Alberto"]
[Result "1/2-1/2"]
[WhiteTitle "FM"]
[BlackTitle "FM"]
[WhiteElo "2317"]
[BlackElo "2297"]
[WhiteTeam "Arrocco Chess Club Montesilvano"]
[BlackTeam "SST 1904"]
[WhiteFideId "839302"]
[BlackFideId "872555"]
[EventDate "2016.04.27"]

1. e4 c6 2. d4 d5 3. exd5 cxd5 4. Bd3 Nc6 5. c3 Qc7 6. Nf3 Bg4 7. O-O e6 8. h3
Bh5 9. Re1 Bd6 10. Bg5 h6 11. Be3 Nge7 12. Nbd2 O-O 13. Nf1 1/2-1/2

[Event "48th Italian Teams 2016"]
[Site "Civitanova Marche ITA"]
[Date "2016.04.30"]
[Round "6.4"]
[Board "4"]
[White "Messa, Roberto"]
[Black "Boscolo, Federico"]
[Result "1/2-1/2"]
[WhiteTitle "IM"]
[BlackTitle "FM"]
[WhiteElo "2299"]
[BlackElo "2309"]
[WhiteTeam "SST 1904"]
[BlackTeam "Arrocco Chess Club Montesilvano"]
[WhiteFideId "800457"]
[BlackFideId "848093"]
[EventDate "2016.04.27"]

1. e4 e6 2. d4 d5 3. exd5 exd5 4. Nf3 Bd6 5. c4 Nf6 6. Nc3 dxc4 7. Bxc4 O-O 8.
h3 h6 9. O-O c6 10. a3 Nbd7 11. Ba2 Nb6 12. Ne5 Nbd5 13. Qf3 1/2-1/2

[Event "48th Italian Teams 2016"]
[Site "Civitanova Marche ITA"]
[Date "2016.04.30"]
[Round "6.5"]
[Board "1"]
[White "Gilevych, Artem"]
[Black "Bertagnolli, Alexander"]
[Result "1-0"]
[WhiteTitle "FM"]
[BlackTitle "IM"]
[WhiteElo "2394"]
[BlackElo "2376"]
[WhiteTeam "C.S.B. VIP Bologna"]
[BlackTeam "Euro Scacchi Perugia"]
[WhiteFideId "14121379"]
[BlackFideId "809551"]
[EventDate "2016.04.27"]

1. d4 Nf6 2. c4 g6 3. Nc3 d5 4. Bg5 Bg7 5. Bxf6 Bxf6 6. cxd5 c5 7. dxc5 O-O 8.
e4 Nd7 9. Nf3 Nxc5 10. e5 Bg7 11. Qd4 Nd7 12. Bb5 a6 13. Bxd7 Qxd7 14. O-O b5
15. Rad1 Bb7 16. Ne4 Rad8 17. Nc5 Qc7 18. Nxb7 Qxb7 19. Rd2 f6 20. Qg4 fxe5 21.
Qe6+ Kh8 22. Nxe5 Bxe5 23. Qxe5+ Kg8 24. Re1 Rf7 25. h4 Rd6 26. Qg5 Rdf6 27. Qg3
Qd7 28. f3 Kg7 29. Qe5 Qa7+ 30. Qd4 Qxd4+ 31. Rxd4 Kf8 32. Kf2 Ke8 33. d6 e6 34.
Rc1 e5 35. Rd5 e4 36. Re1 Kd7 37. Rxe4 Rxd6 38. Rxd6+ Kxd6 39. Rd4+ Ke5 40. Ke3
Rc7 41. Re4+ Kf6 42. Kd3 a5 43. a3 h5 44. Re8 Rc5 45. Rb8 Ke5 46. Rb6 Kf4 47.
Rxg6 Rd5+ 48. Ke2 b4 49. g3+ 1-0

[Event "48th Italian Teams 2016"]
[Site "Civitanova Marche ITA"]
[Date "2016.04.30"]
[Round "6.5"]
[Board "2"]
[White "Lodici, Lorenzo"]
[Black "Tomba, Ivan"]
[Result "1-0"]
[WhiteTitle "FM"]
[BlackTitle "FM"]
[WhiteElo "2371"]
[BlackElo "2273"]
[WhiteTeam "Euro Scacchi Perugia"]
[BlackTeam "C.S.B. VIP Bologna"]
[WhiteFideId "884189"]
[BlackFideId "808431"]
[EventDate "2016.04.27"]

1. d4 d5 2. c4 c6 3. Nc3 Nf6 4. Nf3 dxc4 5. e4 b5 6. e5 Nd5 7. a4 e6 8. Ng5 Be7
9. h4 h6 10. Nge4 b4 11. Nb1 Ba6 12. Qg4 g6 13. Nbd2 c3 14. Nc4 Bxc4 15. Bxc4
cxb2 16. Bxb2 h5 17. Qf3 a5 18. O-O Ra7 19. g3 Nd7 20. Rac1 N7b6 21. Bb3 Rc7 22.
Rfd1 Qd7 23. Rc5 Bxc5 24. dxc5 Qe7 25. cxb6 Nxb6 26. Bc1 Rd7 27. Nf6+ Kf8 28.
Nxd7+ Nxd7 29. Bg5 1-0

[Event "48th Italian Teams 2016"]
[Site "Civitanova Marche ITA"]
[Date "2016.04.30"]
[Round "6.5"]
[Board "4"]
[White "Marsili, Riccardo"]
[Black "Begelman, Boris"]
[Result "1-0"]
[WhiteElo "2199"]
[BlackElo "2200"]
[WhiteTeam "Euro Scacchi Perugia"]
[BlackTeam "C.S.B. VIP Bologna"]
[WhiteFideId "832960"]
[BlackFideId "34136441"]
[EventDate "2016.04.27"]

1. c4 Nf6 2. g3 c6 3. Bg2 d5 4. Nf3 g6 5. b3 Bg7 6. Bb2 O-O 7. O-O Bg4 8. d3
Bxf3 9. Bxf3 e6 10. Nd2 Nbd7 11. Qc2 Ne8 12. b4 Bxb2 13. Qxb2 Nd6 14. Rfc1 Qg5
15. a4 f5 16. b5 Rac8 17. a5 cxb5 18. cxd5 e5 19. a6 b6 20. Rc6 Qe7 21. Qb4 Nc5
22. Bg2 Rcd8 23. Nb3 Nxb3 24. Qxb3 Rd7 25. Rac1 Rfd8 26. e4 Rf8 27. Qb2 g5 28.
exf5 g4 29. Qe2 Qg7 30. Be4 Nxf5 31. Bxf5 Rxf5 32. Rc8+ Rf8 33. Rxf8+ Kxf8 34.
Rc8+ Ke7 35. Qe4 Rd6 36. d4 Qg6 37. Qxe5+ Kd7 38. Rb8 Kc7 39. Rb7+ Kc8 40. Qh8+ 1-0

[Event "48th Italian Teams 2016"]
[Site "Civitanova Marche ITA"]
[Date "2016.05.01"]
[Round "7.1"]
[Board "1"]
[White "Socko, Bartosz"]
[Black "Lodici, Lorenzo"]
[Result "1-0"]
[WhiteTitle "GM"]
[BlackTitle "FM"]
[WhiteElo "2584"]
[BlackElo "2371"]
[WhiteTeam "Circolo Scacchi R. Fischer Chieti"]
[BlackTeam "Euro Scacchi Perugia"]
[WhiteFideId "1107038"]
[BlackFideId "884189"]
[EventDate "2016.04.27"]

1. e4 e5 2. Nf3 Nc6 3. Bb5 a6 4. Ba4 Nf6 5. O-O b5 6. Bb3 Bb7 7. d3 Be7 8. Nc3
O-O 9. a3 d6 10. Be3 Na5 11. Ba2 c5 12. b4 Nc6 13. Nd5 Nxd5 14. Bxd5 Qc7 15. c3
Nd8 16. Qb3 Bf6 17. c4 Bxd5 18. cxd5 Nb7 19. Rfc1 Rfc8 20. a4 Qd7 21. h3 cxb4
22. Qxb4 bxa4 23. Nd2 a5 24. Qa3 Bd8 25. Nc4 Nc5 26. Nxd6 Qxd6 27. Bxc5 Qa6 28.
Qxa4 Bg5 29. Rc4 Rab8 30. d6 h6 31. g3 Kh7 32. Kg2 Bd8 33. Qe8 Bb6 34. Qxe5 Rxc5
35. Rxc5 Bxc5 36. Qxc5 Qxd3 37. Re1 a4 38. Re3 Qd1 39. Rc3 Rd8 40. Qf5+ Kh8 41.
Qxf7 Qxd6 42. Rc7 Qd4 43. Rc4 Qd1 44. Qe7 Ra8 45. Rc3 Qd4 46. Ra3 Ra5 47. Qb7
Kh7 48. Qe7 Re5 49. Rxa4 Qxf2+ 50. Kxf2 Rxe7 51. Ke3 Kg6 52. Ra6+ Kf7 53. Kf4 g6
54. h4 Kg7 55. e5 Rb7 56. Ra4 Kf7 57. g4 Rb1 58. h5 Rf1+ 59. Ke4 gxh5 60. gxh5
Re1+ 61. Kd5 Rd1+ 62. Rd4 Ra1 63. Rf4+ Ke7 64. Rb4 Rd1+ 65. Ke4 Re1+ 66. Kf5
Rf1+ 67. Kg6 Ke6 68. Rb5 Rg1+ 69. Kxh6 Rg2 70. Kh7 Rg5 71. h6 Rg1 72. Kh8 Rg2
73. h7 Rg1 74. Rb8 Kxe5 75. Rg8 Ra1 76. Kg7 Ra7+ 77. Kg6 Ra6+ 78. Kg5 Ra5 79.
h8=Q+ Ke6+ 80. Kg6 1-0

[Event "48th Italian Teams 2016"]
[Site "Civitanova Marche ITA"]
[Date "2016.05.01"]
[Round "7.1"]
[Board "2"]
[White "Paltrinieri, Nicholas"]
[Black "Rombaldoni, Axel"]
[Result "1/2-1/2"]
[BlackTitle "GM"]
[WhiteElo "2209"]
[BlackElo "2553"]
[WhiteTeam "Euro Scacchi Perugia"]
[BlackTeam "Circolo Scacchi R. Fischer Chieti"]
[WhiteFideId "828262"]
[BlackFideId "815837"]
[EventDate "2016.04.27"]

1. d4 e6 2. e4 d5 3. exd5 exd5 4. Nf3 Nf6 5. Bd3 Be7 6. h3 O-O 7. O-O Nbd7 8.
Re1 c5 9. c3 b6 10. Bf4 Bb7 11. Nbd2 Re8 12. Ne5 a6 13. Qf3 cxd4 14. cxd4 Bb4
15. Re2 Nf8 16. Bg5 Ne6 17. Bxf6 Qxf6 18. Qxf6 gxf6 19. Ng4 Kg7 20. Nf3 Nf4 21.
Rxe8 Rxe8 22. Bf1 Ne2+ 23. Kh1 f5 24. Ne3 Ng3+ 25. Kg1 Nxf1 26. Kxf1 f4 27. a3
Bf8 28. Nd1 a5 29. Rc1 Bd6 30. Nc3 Ba6+ 31. Kg1 1/2-1/2

[Event "48th Italian Teams 2016"]
[Site "Civitanova Marche ITA"]
[Date "2016.05.01"]
[Round "7.1"]
[Board "3"]
[White "Rombaldoni, Denis"]
[Black "Marsili, Riccardo"]
[Result "1-0"]
[WhiteTitle "IM"]
[WhiteElo "2467"]
[BlackElo "2199"]
[WhiteTeam "Circolo Scacchi R. Fischer Chieti"]
[BlackTeam "Euro Scacchi Perugia"]
[WhiteFideId "813575"]
[BlackFideId "832960"]
[EventDate "2016.04.27"]

1. d4 Nf6 2. Nf3 e6 3. Bf4 c5 4. e3 Be7 5. h3 O-O 6. Nbd2 b6 7. c3 Bb7 8. Bd3 d6
9. Qe2 Nc6 10. O-O Rc8 11. a3 Rc7 12. dxc5 bxc5 13. e4 Rd7 14. Bb5 Ne8 15. Rfd1
Nc7 16. Ba4 Ba6 17. c4 Qa8 18. b4 Bb7 19. Nb3 cxb4 20. axb4 Rdd8 21. b5 Nb8 22.
c5 e5 23. cxd6 Bxd6 24. Bxe5 Bxe5 25. Nxe5 Rxd1+ 26. Rxd1 Bxe4 27. Nc6 Nxc6 28.
Qxe4 Nd8 29. Qxa8 Nxa8 30. Nd4 Nb7 31. Bc2 Nc7 32. Ra1 Nd6 33. Bd3 Ra8 34. Be2
g6 35. Rc1 Nce8 36. Nc6 Kg7 37. Rd1 Kf6 38. f4 Kf5 39. g3 Ke6 40. Bf3 Rc8 41.
Nxa7 Rc3 42. Bd5+ Kf5 43. b6 Rxg3+ 44. Kh2 Ra3 45. Nb5 Ra5 46. Nd4+ Kxf4 47. b7
Nxb7 48. Bxb7 Ra2+ 49. Bg2 f5 50. Re1 Nc7 51. Re7 Rd2 52. Ne2+ Kg5 53. Ng1 Rc2
54. Rxh7 Ne6 55. Nf3+ Kf4 56. Re7 Nc5 57. Rg7 Nd3 58. Rxg6 Ne5 59. Nxe5 Kxe5 60.
Ra6 f4 61. Ra5+ Kd4 62. Kg1 Rc1+ 63. Kf2 Rc3 64. Rd5+ Kc4 65. Rf5 1-0

[Event "48th Italian Teams 2016"]
[Site "Civitanova Marche ITA"]
[Date "2016.05.01"]
[Round "7.1"]
[Board "4"]
[White "Seresin, Francesco"]
[Black "Shytaj, Luca"]
[Result "1/2-1/2"]
[BlackTitle "IM"]
[WhiteElo "2148"]
[BlackElo "2446"]
[WhiteTeam "Euro Scacchi Perugia"]
[BlackTeam "Circolo Scacchi R. Fischer Chieti"]
[WhiteFideId "886335"]
[BlackFideId "812633"]
[EventDate "2016.04.27"]

1. d4 Nf6 2. Bg5 e6 3. e4 h6 4. Bxf6 Qxf6 5. c3 d6 6. Bd3 e5 7. Ne2 Nc6 8. O-O
Be7 9. Na3 O-O 10. Nc2 Qh4 11. f4 Bf6 12. h3 Bd7 13. Qe1 Rae8 14. Qxh4 Bxh4 15.
g3 Bd8 16. Kg2 g6 17. Ne3 exd4 18. cxd4 Nb4 19. Bb1 Bb5 20. Re1 Nd3 21. Bxd3
Bxd3 22. e5 f6 23. Ng4 fxe5 24. dxe5 h5 25. Nf2 Bc4 26. Nc3 dxe5 27. fxe5 Rf5
28. Rad1 Ref8 29. Nfe4 Be6 30. b3 Kg7 31. Ne2 Rxe5 32. Nf4 Bf5 33. Nc3 Rxe1 34.
Rxe1 Kf7 35. Rf1 Ke8 36. Re1+ Kd7 37. Nb5 Re8 38. Rd1+ Kc8 39. Nxa7+ Kb8 40. Nb5
g5 41. Nxh5 Be4+ 42. Kf2 c6 43. Nd6 Rf8+ 44. Ke3 Bd5 45. Nc4 b5 46. Nd2 Bb6+ 47.
Kd3 Rd8 48. Kc2 Rf8 49. h4 gxh4 50. gxh4 Bd8 51. Rf1 Rxf1 52. Nxf1 Bxh4 53. Nf4
Be4+ 54. Kc3 c5 55. a4 Be1+ 56. Kb2 b4 57. Ne6 Bc3+ 58. Kc1 c4 59. Nc5 Bg6 60.
bxc4 Kc7 61. Nd2 Kc6 62. Ncb3 Bd3 63. Nb1 Bg7 64. N1d2 Kb6 65. Kd1 Bb2 66. Nc1
Bg6 67. Ncb3 1/2-1/2

[Event "48th Italian Teams 2016"]
[Site "Civitanova Marche ITA"]
[Date "2016.05.01"]
[Round "7.2"]
[Board "3"]
[White "David, Alberto"]
[Black "Pescatore, Lorenzo"]
[Result "1-0"]
[WhiteTitle "GM"]
[BlackTitle "FM"]
[WhiteElo "2579"]
[BlackElo "2317"]
[WhiteTeam "Obiettivo Risarcimento Padova"]
[BlackTeam "Arrocco Chess Club Montesilvano"]
[WhiteFideId "4000013"]
[BlackFideId "839302"]
[EventDate "2016.04.27"]

1. e4 c5 2. Nf3 Nc6 3. Bb5 d6 4. O-O Bd7 5. Re1 a6 6. Bxc6 Bxc6 7. d4 cxd4 8.
Nxd4 Nf6 9. Nxc6 bxc6 10. c4 g6 11. c5 d5 12. Qa4 Qd7 13. Nc3 Bg7 14. e5 Qe6 15.
Bh6 Nh5 16. Bxg7 Nxg7 17. Ne2 O-O 18. Nd4 Qg4 19. f3 Qf4 20. g3 Qg5 21. Nxc6 Nf5
22. Qd1 Rac8 23. f4 Qh5 24. Nb4 Qh3 25. Rc1 d4 26. Qf3 Nh4 27. Qf1 Qg4 28. Qe2
Nf3+ 29. Kh1 d3 30. Nxd3 Rfd8 31. Rc3 Qh5 32. Rf1 Nd4 33. Qxh5 gxh5 34. Nf2 Nb5
35. Rc2 Rd4 36. c6 h4 37. Rd1 hxg3 38. hxg3 Rxd1+ 39. Nxd1 Nd4 40. Rc4 Nxc6 41.
Nc3 Na7 42. Rxc8+ Nxc8 43. Nd5 e6 44. Nf6+ Kg7 45. Kg2 Nb6 46. b3 Kg6 47. g4 Nc8
48. Kf3 Na7 49. Ke4 Nc6 50. a3 Na5 51. b4 Nc4 52. a4 a5 53. bxa5 Nxa5 54. Kd4
Nb3+ 55. Kc4 Nd2+ 56. Kb4 h5 57. gxh5+ 1-0

[Event "48th Italian Teams 2016"]
[Site "Civitanova Marche ITA"]
[Date "2016.05.01"]
[Round "7.2"]
[Board "4"]
[White "Cappai, Davide"]
[Black "Rambaldi, Francesco"]
[Result "1/2-1/2"]
[BlackTitle "GM"]
[WhiteElo "2278"]
[BlackElo "2554"]
[WhiteTeam "Arrocco Chess Club Montesilvano"]
[BlackTeam "Obiettivo Risarcimento Padova"]
[WhiteFideId "813338"]
[BlackFideId "20657307"]
[EventDate "2016.04.27"]

1. e4 c5 2. Nf3 Nc6 3. d4 cxd4 4. Nxd4 Nf6 5. Nc3 e5 6. Ndb5 d6 7. Nd5 Nxd5 8.
exd5 Nb8 9. c4 Be7 10. Be2 O-O 11. O-O Nd7 12. Be3 a6 13. Nc3 f5 14. f3 Bg5 15.
Bxg5 Qxg5 16. f4 exf4 17. Qd4 Ne5 18. Rxf4 Qf6 19. Qd2 Bd7 20. Raf1 Rac8 21. b3
Ng6 22. Rd4 Qe5 23. Rf2 Rfe8 24. a4 b6 25. Bh5 Qe1+ 26. Rf1 Qxd2 27. Rxd2 Re3
28. Bxg6 hxg6 29. Rf3 Re1+ 30. Kf2 Rh1 31. h3 Ra1 32. h4 Kf7 33. Re2 Re8 34. Ne4
Kf8 35. Nxd6 Rxe2+ 36. Kxe2 Ke7 37. c5 bxc5 38. Nb7 Bc8 39. Re3+ Kd7 40. Nxc5+
Kd6 41. Ne6 Kxd5 42. Nf4+ Kd4 43. Ne6+ Kd5 44. Nf4+ Kd4 45. Ne6+ Kd5 1/2-1/2

[Event "48th Italian Teams 2016"]
[Site "Civitanova Marche ITA"]
[Date "2016.05.01"]
[Round "7.3"]
[Board "1"]
[White "Iordachescu, Viorel"]
[Black "Swiercz, Dariusz"]
[Result "1/2-1/2"]
[WhiteTitle "GM"]
[BlackTitle "GM"]
[WhiteElo "2581"]
[BlackElo "2655"]
[WhiteTeam "Partenopea Westend Napoli"]
[BlackTeam "WorldTradingLab Club 64 Modena"]
[WhiteFideId "13900200"]
[BlackFideId "1126881"]
[EventDate "2016.04.27"]

1. e4 c5 2. Nf3 d6 3. Bb5+ Nd7 4. O-O a6 5. Bd3 Ngf6 6. Re1 e6 7. c3 b5 8. Bc2
c4 9. a4 Bb7 10. axb5 axb5 11. Rxa8 Qxa8 12. Na3 Bxe4 13. Bxe4 Nxe4 14. d3 cxd3
15. Nxb5 Qb7 16. Qxd3 d5 17. Be3 Bc5 18. c4 O-O 19. cxd5 exd5 20. Nc3 Ndf6 21.
Bxc5 Nxc5 22. Qd4 Ne6 23. Qd2 Rd8 24. Ng5 Nxg5 25. Qxg5 h6 26. Qd2 d4 27. h3 Qa8
28. Ne2 Ne4 29. Qd3 Nc5 30. Qc4 Ne6 31. Rd1 Rd5 32. Qd3 Rg5 33. g3 Qb7 34. h4
Rb5 35. Rc1 Rd5 36. b3 Rd8 37. Rc4 Qd5 38. b4 Qb5 39. Nc1 Qd5 40. Ne2 Ra8 41.
Rc1 g5 42. hxg5 hxg5 43. b5 Kg7 44. b6 Rh8 45. f3 g4 46. Qe4 Qxe4 47. fxe4 Kf6
48. Rf1+ Ke5 49. Rxf7 d3 50. Nc3 Kd4 51. Nd1 Ng5 52. Rd7+ Kxe4 53. Nf2+ Kf3 54.
Nxd3 Kxg3 55. b7 Rf8 56. Nf2 Nf3+ 57. Kf1 Nh2+ 58. Kg1 Nf3+ 59. Kf1 Nh2+ 60. Kg1
Nf3+ 1/2-1/2

[Event "48th Italian Teams 2016"]
[Site "Civitanova Marche ITA"]
[Date "2016.05.01"]
[Round "7.3"]
[Board "2"]
[White "Brunello, Sabino"]
[Black "Collutiis, Duilio"]
[Result "1/2-1/2"]
[WhiteTitle "GM"]
[BlackTitle "IM"]
[WhiteElo "2570"]
[BlackElo "2466"]
[WhiteTeam "WorldTradingLab Club 64 Modena"]
[BlackTeam "Partenopea Westend Napoli"]
[WhiteFideId "813613"]
[BlackFideId "805475"]
[EventDate "2016.04.27"]

1. d4 d5 2. c4 c6 3. Nf3 Nf6 4. e3 Bg4 5. h3 Bh5 6. cxd5 Bxf3 7. Qxf3 cxd5 8.
Nc3 Nc6 9. g3 e6 10. Bg2 Be7 11. O-O O-O 12. Rd1 Qb6 13. Rb1 Rac8 14. Bd2 Qd8
15. Be1 Bd6 16. Qe2 Bb8 17. Rbc1 Qe7 18. Na4 Bd6 19. Nc5 Nb8 20. Qb5 Rc7 21. Rc3
Rd8 22. Nb3 Qd7 23. Qxd7 Rcxd7 24. g4 Bb4 25. Rc2 Bxe1 26. Rxe1 Ne8 27. Rec1 Nd6
28. Bf1 Re7 29. Bd3 h6 30. Kg2 Kf8 31. Kg3 Ree8 32. Na5 Re7 33. h4 Ree8 34. Rc7
Re7 35. R7c2 Ree8 36. Kf4 Ke7 37. f3 b6 38. Nc6+ Nxc6 39. Rxc6 Rd7 40. a4 Rb8
41. b3 f6 42. R1c2 Rdd8 43. Rc7+ Rd7 44. R7c6 Rdd8 45. e4 dxe4 46. fxe4 e5+ 47.
dxe5 fxe5+ 48. Ke3 Rbc8 49. Rc7+ Rxc7 50. Rxc7+ Rd7 51. Rc2 Kd8 52. Rc6 Ke7 1/2-1/2

[Event "48th Italian Teams 2016"]
[Site "Civitanova Marche ITA"]
[Date "2016.05.01"]
[Round "7.3"]
[Board "3"]
[White "Piscopo, Pierluigi"]
[Black "Ortega, Lexy"]
[Result "1/2-1/2"]
[WhiteTitle "IM"]
[BlackTitle "GM"]
[WhiteElo "2431"]
[BlackElo "2480"]
[WhiteTeam "Partenopea Westend Napoli"]
[BlackTeam "WorldTradingLab Club 64 Modena"]
[WhiteFideId "809152"]
[BlackFideId "811416"]
[EventDate "2016.04.27"]

1. e4 e5 2. Nf3 Nc6 3. Bb5 Bc5 4. O-O Nd4 5. Nxd4 Bxd4 6. c3 Bb6 7. d4 c6 8. Be2
d6 9. dxe5 dxe5 10. Qxd8+ Bxd8 11. Nd2 Nf6 12. f3 Bc7 13. a4 a5 14. Nc4 1/2-1/2

[Event "48th Italian Teams 2016"]
[Site "Civitanova Marche ITA"]
[Date "2016.05.01"]
[Round "7.3"]
[Board "4"]
[White "Codenotti, Marco"]
[Black "Stromboli, Ettore"]
[Result "1-0"]
[WhiteTitle "IM"]
[BlackTitle "FM"]
[WhiteElo "2399"]
[BlackElo "2309"]
[WhiteTeam "WorldTradingLab Club 64 Modena"]
[BlackTeam "Partenopea Westend Napoli"]
[WhiteFideId "800015"]
[BlackFideId "813761"]
[EventDate "2016.04.27"]

1. e4 e6 2. d4 d5 3. Nd2 c5 4. Ngf3 Nc6 5. exd5 exd5 6. Bb5 Bd6 7. O-O Ne7 8.
dxc5 Bxc5 9. Nb3 Bd6 10. h3 O-O 11. Nbd4 Nxd4 12. Nxd4 Nf5 13. c3 Bc5 14. Nb3
Bb6 15. Bd3 Qd6 16. Qf3 Qg3 17. Qxg3 Nxg3 18. Re1 Bf5 19. Bxf5 Nxf5 20. Re5 Ng3
21. Nd4 Ne4 22. Rxd5 Rad8 23. Rxd8 Rxd8 24. Be3 Nd6 25. b3 Ne4 26. Rc1 h6 27.
Kf1 a6 28. Ke2 Nxc3+ 29. Rxc3 Bxd4 30. Bxd4 Rxd4 31. Rc8+ Kh7 32. Rc7 Re4+ 33.
Kd3 Rf4 34. Ke3 Rb4 35. Rxf7 Kg6 36. Rd7 Kf6 37. f4 h5 38. g4 hxg4 39. hxg4 Rb6
40. g5+ Kg6 41. Kf3 Rb4 42. Kg4 a5 43. a3 1-0

[Event "48th Italian Teams 2016"]
[Site "Civitanova Marche ITA"]
[Date "2016.05.01"]
[Round "7.4"]
[Board "1"]
[White "Valsecchi, Alessio"]
[Black "Prohaszka, Peter2"]
[Result "0-1"]
[WhiteTitle "IM"]
[BlackTitle "GM"]
[WhiteElo "2492"]
[BlackElo "2598"]
[WhiteTeam "Montebelluna Master"]
[BlackTeam "Fano1988"]
[WhiteFideId "818860"]
[BlackFideId "726265"]
[EventDate "2016.04.27"]

1. d4 d5 2. Nf3 Nf6 3. c4 c6 4. Nc3 dxc4 5. e4 b5 6. e5 Nd5 7. a4 e6 8. Be2 Bb7
9. O-O a6 10. Ne4 Nd7 11. Nfg5 g6 12. Bg4 h6 13. Bxe6 hxg5 14. Qg4 Nxe5 15. dxe5
Bc8 16. Bxc8 Qxc8 17. Qg3 Qf5 18. Nf6+ Nxf6 19. exf6 O-O-O 20. axb5 Bd6 21. f4
axb5 22. Qf2 gxf4 23. Ra8+ Kd7 24. Ra7+ Ke6 25. Qe2+ Kxf6 26. b4 Be5 27. Rxf4
Bxf4 28. Qe7+ Kg7 29. Bb2+ Kh7 30. Qxf7+ Qxf7 31. Rxf7+ Kg8 32. Rxf4 Rd1+ 0-1

[Event "48th Italian Teams 2016"]
[Site "Civitanova Marche ITA"]
[Date "2016.05.01"]
[Round "7.4"]
[Board "2"]
[White "Djuric, Stefan"]
[Black "Zamengo, Fulvio"]
[Result "1-0"]
[WhiteTitle "GM"]
[BlackTitle "FM"]
[WhiteElo "2391"]
[BlackElo "2330"]
[WhiteTeam "Fano1988"]
[BlackTeam "Montebelluna Master"]
[WhiteFideId "900133"]
[BlackFideId "852678"]
[EventDate "2016.04.27"]

1. d4 Nf6 2. c4 g6 3. Nc3 d5 4. Nf3 Bg7 5. e3 O-O 6. cxd5 Nxd5 7. Bc4 Nb6 8. Bb3
Nc6 9. O-O Bd7 10. h3 e5 11. d5 Na5 12. e4 c6 13. Bg5 Qc8 14. Rc1 h6 15. Bh4 Qb8
16. Re1 Re8 17. Re2 c5 18. Bc2 Nbc4 19. b3 Nd6 20. Qe1 b5 21. Nd1 Qb6 22. Ne3 b4
23. Bb1 Rac8 24. Ng4 Bxg4 25. hxg4 g5 26. Bg3 c4 27. bxc4 Naxc4 28. Bd3 f6 29.
Rec2 Na3 30. Rc6 Rxc6 31. Rxc6 Qb8 32. Ba6 Bf8 33. Nd2 Nab5 34. Bxb5 Qxb5 35.
Qc1 a5 36. f3 a4 37. Bf2 Rb8 38. Bc5 Ne8 39. Bxf8 Kxf8 40. d6 Rb6 41. Rc5 Qd3
42. Kh2 Rxd6 43. Nc4 Rd4 44. Ne3 Qd2 45. Qg1 Nd6 46. Rc2 Qd3 47. Qc1 Qb5 48. Rc5
Qe8 49. Nd5 b3 50. axb3 axb3 51. Qa3 Kg7 52. Rc7+ Nf7 53. Qxb3 Qd8 54. Qb7 Qe8
55. Qb6 Rxd5 56. exd5 e4 57. Qe6 Qf8 58. fxe4 Kg6 59. e5 Nd6 60. exd6 h5 61.
Qf5+ 1-0